000 01913cam a22004814i 4500
003 PE-LiUPU
005 20250731173023.0
008 150623s1991 mou rb 000 0 spa d
035 _a(Sirsi) a23596
040 _aPE-LiUPU
_bspa
_cPE-LiUPU
_erda
082 0 4 _a230
_bP97
_221
100 1 _aPurkiser, W. T.,
_eautor.
245 1 0 _aDios, hombre y salvación :
_buna teología bíblica /
_cW. T. Pukiser.
264 1 _aKansas City, Missouri :
_bCasa Nazarena de Publicaciones,
_c1991.
300 _a771 páginas ;
_c23 centímetros
336 _atext
_2rdacontent
337 _aunmediated
_2rdamedia
338 _avolume
_2rdacarrier
504 _aIncluye bibliografía.
505 0 _aFundamentos del Antiguo Testamento -- El Nuevo Testamento.
526 _aSEG42
526 _aSEG41
526 _aSEG40
526 _aSEG39
526 _aP94
526 _aP87
526 _aP86
526 _aP85
526 _aP77
526 _aP76
526 _aP35
650 0 4 _aSoteriología.
_92196
700 1 _aTaylor, Richards S.,
_eeditor.
700 1 _aTaylor, Willard H.,
_eeditor.
942 _2ddc
_cBOOK
949 _a230 P97
_wDEWEY
_c1
_i27644
_lCCODEBUL1
_mBUL
_p18.00
_r0
_sY
_tBOOK
_u2015-06-24
_xTEOLOGIA
_PP35
_0COMPRA
_o.STAFF. Colección Teología
949 _a230 P97
_wDEWEY
_c2
_i47785
_lCCODEBUL1
_mBUL
_p18.00
_r0
_sY
_tBOOK
_u2015-06-24
_xTEOLOGIA
_PP35
_0COMPRA
_o.STAFF. Colección Teología
596 _a1
999 _a230 P97
_wDEWEY
_c24291
_i27644
_d24291
_e2019-5-15
_f2021-11-9
_g5
_lCCODEBUL1
_mBUL
_n2
_p18.00
_q4
_r0
_sY
_tBOOK
_u2015-6-24
_xTEOLOGIA
_PP35
_0COMPRA
_o.STAFF. Colección Teología
999 _a230 P97
_wDEWEY
_c2
_i47785
_d2018-5-22
_e2017-11-17
_f2021-11-9
_g5
_lCCODEBUL1
_mBUL
_n1
_p18.00
_q2
_r0
_sY
_tBOOK
_u2015-6-24
_xTEOLOGIA
_PP35
_0COMPRA
_o.STAFF. Colección Teología
980 _81
_gALBERTO SANCHEZ Responsable de Automatización